000
00200 a2200097 4500
020
_a
9780141371450
041
_a
eng
100
_a
Roald Dahl
245
_a
The GiraFfe and the Pelly and Me
942
_c
BK
999
_c
29002
_d
29000